Guess the 1970s song lyrics #265 - Statistics

General Stats
  • This quiz has been taken 18 times
  • The average score is 326 of 499
Answer Stats
Answer % Correct
I
100%
A
93%
love
93%
the
93%
be
87%
go
87%
in
87%
it
87%
It
87%
me
87%
on
87%
you
87%
You
87%
and
80%
And
80%
by
80%
can't
80%
is
80%
it's
80%
my
80%
that
80%
That
80%
time
80%
to
80%
why
80%
could
73%
have
73%
here
73%
know
73%
never
73%
Then
73%
your
73%
all
67%
last
67%
like
67%
of
67%
This
67%
this
67%
was
67%
don't
60%
Don't
60%
I've
60%
Just
60%
just
60%
mind
60%
side
60%
feel
53%
get
53%
had
53%
isn't
53%
Isn't
53%
need
53%
night
53%
Ooh
53%
Or
53%
out
53%
stay
53%
thing
53%
yeah
53%
Falling
47%
gives
47%
going
47%
heart
47%
knew
47%
life
47%
that's
47%
think
47%
took
47%
wait
47%
want
47%
everything
40%
find
40%
Gonna
40%
Hey
40%
keep
40%
mistake
40%
seen
40%
though
40%
affair
33%
alone
33%
answers
33%
babe
33%
found
33%
must
33%
questions
33%
someone
33%
through
33%
because
27%
cry
27%
darkest
27%
finally
27%
Holding
27%
Losing
27%
seems
27%
trying
27%
alright
20%
decide
20%
myself
20%
oughta
20%
Sitting
20%
soul
20%
strength
20%
visions
20%
warmth
20%
reaching
13%
stop
13%
strong
13%
Whether
13%
wondering
13%
No matching quizzes found
Score Distribution
Percent of People with Each Score
Percentile by Number Answered
Your Score History
You have not taken this quiz